Advanced engineering mathematics

Furkejuvvon:
Bibliográfalaš dieđut
Váldodahkki: Kreyszig, Erwin (Dahkki)
Materiálatiipa: Girji
Giella:eaŋgalasgiella
Almmustuhtton: Hoboken John Wiley and Sons 1999
Preanttus:8a. ed
Fáttát:
Fáddágilkorat: Lasit fáddágilkoriid
Eai fáddágilkorat, Lasit vuosttaš fáddágilkora!

MARC

LEADER 00000nam a2200000 a 4500
001 UCL9109
003 CL-VaPUC
008 040723e19990000us |||||||||||||||||eng|d
020 |a 0471154962 
082 0 4 |a 510  |b KRE  |2 21 
100 |a Kreyszig, Erwin  |e author  |9 500810 
245 1 0 |a Advanced engineering mathematics 
250 |a 8a. ed 
300 |a 1156 p 
942 |c BK 
945 |d 20040723 00:00:00  |a cmena 
260 |a Hoboken  |b John Wiley and Sons  |c 1999 
500 |a Proyecto MECESUP 
650 0 |a Matemática  |9 260235 
650 0 |a Física matemática   |9 260981 
650 0 |a Matemáticas para ingenieros  |9 259317 
650 0 |a Cálculo  |9 260234 
650 0 |a Ingeniería   |9 259380 
583 |a last modification  |c 20171116 02:21:58  |k Rodrigo Vera 
999 |c 310075  |d 310073 
952 |0 0  |1 0  |4 0  |6 510_000000000000000_KRE_1999  |7 0  |8 A  |9 378140  |a BIBCUR  |b BIBCUR  |d 2019-11-21  |i 4040317  |l 1  |o 510 KRE 1999  |p 4040317  |r 2025-04-22  |s 2023-10-10  |w 2019-11-21  |y BK  |k FIS